| 000 | 01586nam a22003977a 4500 | ||
|---|---|---|---|
| 001 | BRCA_9348 | ||
| 003 | FranzMayer | ||
| 005 | 20230918121502.0 | ||
| 008 | 230825b |||||||| |||| 00| 0 eng d | ||
| 020 | _a9519663177 | ||
| 040 |
_aMFM _bespañol _cMFM |
||
| 050 | 0 |
_aNK1530.F37 _bH45 1997 |
|
| 110 | 1 |
_4Responsable _aHeinolan Kaupunginmuseon julkaisuja _929256 |
|
| 240 |
_aKaj Franck. _hTeema ja muunnelmia. Theme and variations _lFines/inglés |
||
| 245 | 0 |
_aKaj Franck. _bTeema ja muunnelmia. Theme and variations |
|
| 260 |
_aHelsinki, Finlandia _bHeinolan Kaupunginmuseon julkaisuja _c1997 |
||
| 300 |
_a173 p _bIlustraciones a color _c23 cm |
||
| 500 | _aAnexo 1 | ||
| 505 | _aTexto en: fines e inglésIncluye índice temáticoDirigido a: artistas y diseñadores | ||
| 650 | 1 |
_2Artes decorativas _aDecoración y ornamentación _vDiseño _929257 |
|
| 651 | 2 |
_2Diseño europeo _aDiseño fines _vKaj Franck (1911-1989) _929258 |
|
| 700 | 1 |
_4Escritor _aHortling, Airi _929259 |
|
| 700 | 1 |
_4Escritor _aKoivisto, Kaisa _929260 |
|
| 700 | 1 |
_4Escritor _aKokki, Kari-Paavo _929261 |
|
| 700 | 1 |
_4Escritor _aKumela, Marjut _929262 |
|
| 700 | 1 |
_4Escritor _aImperiali, Arja Luukela _929263 |
|
| 700 | 1 |
_4Escritor _aPauloff, Marjatta _929264 |
|
| 700 | 1 |
_4Escritor _aPeriänen, Tapio _929265 |
|
| 700 | 1 |
_4Escritor _aRásänen, Liisa _929266 |
|
| 700 | 1 |
_4Escritor _aYtterborn, Stefan _929267 |
|
| 700 | 1 |
_4Trad. _aArnold, John _929268 |
|
| 700 | 1 |
_4Edit. _aJuuti, Sirpa _929269 |
|
| 700 | 1 |
_4Edit. _aKoivisto, Kaisa _929260 |
|
| 700 | 1 |
_4Edit. _aTarna, Tauno _929270 |
|
| 942 |
_2lcc _cB |
||
| 999 |
_c10970 _d10970 |
||